|
|
|
|
| LEADER |
01078nam a2200265 a 4500 |
| 001 |
00025133 |
| 008 |
120510s2010 enka 000 1 eng |
| 020 |
|
|
|a 9780194247061 (pbk.)
|
| 020 |
|
|
|a 9780194246705 (Pbk. and multiROM)
|
| 040 |
|
|
|a BD-DhAAL
|c BD-DhAAL
|
| 082 |
0 |
0 |
|a 428.6
|2 22
|
| 245 |
0 |
0 |
|a Mulan /
|c retold by Janet Hardy-Gould ;illustrated by Kanako Damerum and Yuzuru Takkasaki.
|
| 260 |
|
|
|a Oxford :
|b Oxford University Press,
|c 2010.
|
| 300 |
|
|
|a 51 p. :
|b col. ill. ;
|c 21 cm.
|
| 490 |
1 |
|
|a Dominoes. Starter
|
| 541 |
|
|
|e 00025133
|
| 650 |
|
0 |
|a Readers for new literates.
|
| 650 |
|
0 |
|a Hua, Mulan (Legendary character)
|v Legends.
|
| 650 |
|
1 |
|a Folklore
|z China.
|
| 700 |
1 |
|
|a Hardy-Gould, Janet.
|
| 700 |
1 |
|
|a Damerum, Kanako.
|
| 700 |
1 |
|
|a Takasaki, Yuzuru.
|
| 852 |
1 |
|
|a Ayesha Abed Library
|c General shelf.
|
| 999 |
|
|
|c 12227
|d 12227
|
| 952 |
|
|
|0 0
|1 0
|2 ddc
|4 0
|6 428_600000000000000_MUL
|7 0
|9 20256
|a BRACUL
|b BRACUL
|c GEN
|d 2012-05-23
|e Karim International
|g 604.00
|l 5
|m 6
|o 428.6 MUL
|p 3010025133
|r 2025-06-17
|s 2025-05-12
|t 1
|w 2012-05-23
|y BK
|x Transferred from BIL to BRACUL on 06/06/22
|